Normal view
MARC view
- الطرق الإحصائية - معالجة البيانات إلكترونيا
Entry Topical Term
001 - CONTROL NUMBER
- control field: 27704
003 - CONTROL NUMBER IDENTIFIER
- control field: JO-AjAnu
005 - DATE AND TIME OF LATEST TRANSACTION
- control field: 20230606074713.0
008 - FIXED-LENGTH DATA ELEMENTS
- fixed length control field: 230606|| aca||aabn | a|a d
040 ## - CATALOGING SOURCE
- Original cataloging agency: JO-AjAnu
- Transcribing agency: JO-AjAnu
150 ## - HEADING--TOPICAL TERM
- Topical term or geographic name entry element: الطرق الإحصائية - معالجة البيانات إلكترونيا
670 ## - SOURCE DATA FOUND
- Source citation: Work cat.: (JO-AjAnu)14226: تألبف:نجم،عبود نجم, author 27703, مدخل الى الاساليب الكمية مع التطبيقات باستخدام (Microsoft Excel)